000 00627nam a2200133Ia 4500
008 171212s9999 xx 000 0 und d
020 _a9780833043214
100 _aSeong, Somi;Popper, Steven W.;Goldman, Charles A.;Evans, David K.
245 _cSeong, Somi;Popper, Steven W.;Goldman, Charles A.;Evans, David K.
_aBrain Korea 21 Phase II
_bA New Evaluation Model
260 _bRAND Corporation
_c2008
650 _aBrain Korea 21 (Project) -- Evaluation; Education, Higher -- Korea (South) -- Finance; Government aid to higher education -- Korea (South)
650 _aEducation
856 _uwww.jstor.org/stable/10.7249/mg711krf
999 _c351803
_d351803